Elle ... ? Clic Quiz - Statistiques

Statistiques générales
  • Ce quiz a été pris 83 fois
  • Le résultat moyen est 11 sur 20
Statistiques - réponses
Hint Réponse % Correct
Elle a failli être présidente
90%
Elle fait la pub pour Grand Frais
88%
Ella, elle l'a
84%
Elle a fait un bébé toute seule
78%
Elle a les yeux revolver
78%
Elle me dit
75%
Elle va sortir de l'écran
75%
Elle me contrôle
68%
Elle va se faire pisser dessus
66%
Elle est d'ailleurs
57%
Elle boit pas, elle fume pas, elle drague pas, mais… elle cause !
50%
Elle Fanning
50%
Elle a raté la mort de Brian
46%
Elle bronzait au lait de coco
41%
Elle Macpherson
32%
Elle supporte le Stade Rennais
32%
Elle m'a dit
26%
Elle est trop bien
25%
Elle va se faire jeter dans le vide et mourir
25%
Elle King
15%
Aucun quiz correspondant
Distribution des résultats
% des personnes avec chaque résultat
Percentile par nombre de réponses
Votre historique - résultats
Vous n’avez pas pris ce quiz